000 00388nam a22001577a 4500
999 _c145240
_d145240
020 _a9788187770570
082 _aH1
_bSEE/T
100 _aSeema Swadha
245 _aTapati Dharti Par Nange Paavn/
_cby Seema Swadha
260 _aAllahabad:
_bAsmita Prakashan,
_c2011.
300 _a95p.
650 _aPoetry Hindi
650 _aLiterature Hindi
650 _aLiterature
942 _cBK